Cryptography and network security: Principles and practice (Record no. 395390)

MARC details
000 -LEADER
fixed length control field 00548 a2200205 4500
005 - DATE & TIME
control field 20260204150724.0
008 - FIXED-LENGTH DATA ELEMENTS--GENERAL INFORMATION
fixed length control field 260204b |||||||| |||| 00| 0 eng d
020 ## - ISBN
International Standard Book Number 9789349281530
Price Rs. 2050.00
040 ## - CATALOGING SOURCE
Original cataloging agency VIVEKANANDA LIBRARY
082 ## - DDC NUMBER
Classification number 005.8
Book Number G749C
100 ## - MAIN ENTRY--PERSONAL NAME
Personal name Goyal, Ashish
245 ## - TITLE STATEMENT
Title Cryptography and network security: Principles and practice
260 ## - PUBLICATION, DISTRIBUTION, ETC. (IMPRINT)
Name of publisher, distributor, etc Yking Books
Date of publication, distribution, etc 2025
Place of publication, distribution, etc Jaipur
300 ## - PHYSICAL DESCRIPTION
Pages vi, 264
650 ## - Subject
Subject Computer Science
650 ## - Subject
Subject Data Security
650 ## - Subject
Subject Cryptography
650 ## - Subject
Subject Network Security
942 ## - ADDED ENTRY ELEMENTS (KOHA)
Koha item type Books
Holdings
Withdrawn status Lost status Source of classification or shelving scheme Damaged status Not for loan Location (home branch) Sublocation or collection (holding branch) Shelving location Date acquired Koha issues (times borrowed) Koha full call number Accession No. Koha date last seen Koha item type
    Dewey Decimal Classification     VIVEKANANDA LIBRARY VIVEKANANDA LIBRARY Vivekananda Library 06/01/2026   005.8 G749C 444061 06/01/2026 Books
© Designed and Maintained by Vivekananda Library, MDU Rohtak